Responses for Show #2325 - Friday, October 14, 1994

Contestants

[<< previous game]

Eileen Lynch, a project manager from West Windsor, New Jersey

Ed Seiler, a computer programmer from Lanham, Maryland

Mark Maginity, an actuary from Philadelphia, Pennsylvania (whose 1-day cash winnings total $10,601)

[next game >>]

Jeopardy! Round responses

PRESIDENTIAL QUOTES
FILMS OF THE '90s
POTENT POTABLES
AROUND THE WORLD
ELVES & SPRITES
LEFTOVERS
    $100 1
(Ed: Who is Perot?)

Bill Clinton

MarkEd
    $100 3
Mrs. Doubtfire

Mark
    $100 5
vodka

Ed
    $100 6
Brazil

Mark
    $100 10
shoes

Mark
    $100 9
Egypt

Ed
    $200 2
Bush

Ed
    $200 16
Charles Bronson

Mark
    $200 15
rum

Ed
    $200 14
France

Ed
    $200 13
Pixie

Ed
    $200 11
eyelashes

Mark
    $300 4
Eisenhower

Ed
    $300 28
Scent of a Woman

Ed
    $300 25
sloe gin

Eileen
    $300 22
the Bahamas

Eileen
    $300 19
Jack Frost

Mark
    $300 12
kites

Ed
    $400 7
(Eileen: Who is Jefferson?)

James Madison

MarkEileen
    $400 29
Indecent Proposal

Mark
    $400 26
(Eileen: What are hazelnuts?)

almonds

EdEileen
    $400 23
a bird

Ed
    $400 20
an oaf

Triple Stumper
    $400 17
The New Yorker

Mark
    $500 8
(William Howard) Taft

Ed
    $500 30
Avalon

Mark
    $500 27
sherry

Eileen
    $1,200 24
the Indian Ocean

Ed
    $500 21
A Midsummer Night's Dream

Ed
    $500 18
the foot

Ed

Scores at the first commercial break (after clue 15):

Mark Ed Eileen
$1,000 $2,000 -$400

Scores at the end of the Jeopardy! Round:

Mark Ed Eileen
$2,800 $5,300 $300

Double Jeopardy! Round responses

1943
CANALS
AMERICAN INDIANS
DOGS
COLLEGES & UNIVERSITIES
POETS & POETRY
    $200 12
a penny

Eileen
    $200 17
the Suez Canal

Ed
    $200 22
California

Ed
    $200 4
toy

Eileen
    $200 11
(Eileen: What is the University of Ohio?)

Ohio State

EdEileen
    $200 1
Edna St. Vincent Millay

Eileen
    $400 13
(Mohandas) Gandhi

Ed
    $400 18
the Erie Canal

Ed
    $400 23
the Sun

Ed
    $400 5
(Ed: What is a sammo... samoset?)

a samoyed

EdEileen
    $400 26
Iran

Ed
    $400 2
(Ed: What is Peru?)

Mexico

EdEileen
    $600 14
the helicopter

Ed
    $1,000 19
(Ed: What is the Adriatic?)

the Aegean Sea

Ed
    $600 24
(Mark: What is the Zuma tribe?)

the Zuni

MarkEileen
    $600 6
a Labrador retriever

Eileen
    $600 27
Uruguay

Ed
    $600 3
Tennyson

Ed
    $800 15
Madame Chiang Kai-Shek

Eileen
    $800 20
Panama

Eileen
    $800 25
(Ed: Who is Geronimo?)

Cochise

Ed
Triple Stumper
    $800 7
the chow

Triple Stumper
    $800 28
(Eileen: What is Kingston?)
...
(Alex: Queen's is in Kingston, Eileen.)

Toronto

EdEileen
    $800 9
(Alexander) Pope

Eileen
    $1000 16
Tesla

Mark
    $1000 21
the St. Lawrence Seaway

Ed
    $1000 30
the Finger Lakes

Mark
    $1,000 8
(Eileen: What is a schnauzer?)

the Pomeranian

Eileen
    $1000 29
Tulane

Eileen
    $1000 10
Ted Hughes

Eileen

Scores at the end of the Double Jeopardy! Round:

Mark Ed Eileen
$4,200 $8,500 $5,300

[wagering suggestions for these scores]

Final Jeopardy! Round responses

RULERS
(Alex: He crossed out George, put in James, but was not specific. There were two James, [*], who was also [**], and James II.)
MarkWho was Charles I of England?
$4,197
EileenWho was James I?
$5,200
EdWho was George James
$2,101
King James I of England (or King James VI of Scotland)

Final scores:

Mark Ed Eileen
$3 $6,399 $10,500
3rd place: Michael C. Fina flatware set 2nd place: Kingdown mattress + Pacific Coast down comforter New champion: $10,500

Game dynamics:

Coryat scores:

Mark Ed Eileen
$4,200 $8,800 $6,300
13 R,
1 W
27 R
(including 1 DD),
5 W
(including 1 DD)
15 R,
5 W
(including 1 DD)

Combined Coryat: $19,300

[game clues] [game scores] [suggest correction]

Game tape date: 1994-08-23
The J! Archive is created by fans, for fans. Scraping, republication, monetization, and malicious use prohibited; this site may use cookies and collect identifying information. See terms. The Jeopardy! game show and all elements thereof, including but not limited to copyright and trademark thereto, are the property of Jeopardy Productions, Inc. and are protected under law. This website is not affiliated with, sponsored by, or operated by Jeopardy Productions, Inc. Join the discussion at JBoard.tv.